Socialistická revoluce a sovětská literatura : (zkušenosti, cesty a smysl sovětské literatury revoluční epochy) /

Hlavní autor: Mikulášek, Miroslav, 1930-
Jazyk: Čeština
Vydáno: Praha : Horizont, 1979
Vydání: 1. vyd.
Témata:
Fyzický popis: 172 s.
Knihy
Uloženo v:
LEADER 01173nam a22002772a 4500
001 000431740
003 CZ BrMZK
005 20210531193234.0
007 ta
008 030413s1979 xr f |||| 0 cze d
015 |a cnb000125763 
035 |a (OCoLC)6448771 
040 |a BOA001  |b cze 
100 1 |a Mikulášek, Miroslav,  |d 1930-  |7 jk01081627  |4 aut 
245 1 0 |a Socialistická revoluce a sovětská literatura :  |b (zkušenosti, cesty a smysl sovětské literatury revoluční epochy) /  |c Miroslav Mikulášek 
250 |a 1. vyd. 
260 |a Praha :  |b Horizont,  |c 1979 
300 |a 172 s. 
910 |a BOA001  |b PK-0085.258  |b 2-0804.113 
920 |a 000108285 
964 |a Literatura sovětská - revoluce socialistická - ohlasy - eseje 
990 |a BK 
996 6 |b 2619810653  |c 2-0804.113  |l MZK  |r Sklad / do 1 hodiny  |n 0  |w 000431740  |u 000030  |a 1  |e BOA001  |j MZK50  |s P 
996 7 |b 2619810654  |c 2-0804.113  |l MZK  |r Sklad / do 1 hodiny  |n 2  |w 000431740  |u 000040  |a 1  |e BOA001  |j MZK50  |s A 
996 7 |b 2619993203  |c 2-0804.113  |l MZK  |r Sklad / do 1 hodiny  |n 0  |w 000431740  |u 000020  |a 1  |e BOA001  |j MZK50  |s A 
996 7 |b 3119829788  |c PK-0085.258  |l MZK  |r Sklad / do 1 hodiny  |n 4  |w 000431740  |u 000010  |a 1  |e BOA001  |j MZK50  |s A